=LDR 00000nam 2200000 4500 =001 INLIS000000000020082 =005 20130612115054 =008 ***********************************Ind** =035 ##$$0010-061300000020082 =041 ##$$a Ind =082 ##$$a 813 =090 ##$$a 813, Ram b =100 ##$$a Rampan, Kornie Layun =245 ##$$a Bunga, Korrie Layun Rampan ; editor, A. Ariobimo Nusantara =260 ##$$a 2002 $b Jakarta =300 ##$$a v, 200 hlm, 20 cm =650 ##$$a Fiksi Dewasa-Indonesia =850 ##$$a NBPNMAT